Britain's biggest house builders (Record no. 74537)
[ view plain ]
| 000 -LEADER | |
|---|---|
| fixed length control field | 01523cab a2200217 4500 |
| 001 - CONTROL NUMBER | |
| control field | ABS68248 |
| 008 - FIXED-LENGTH DATA ELEMENTS--GENERAL INFORMATION | |
| fixed length control field | 040920n2004 000 0 eng u |
| 035 ## - SYSTEM CONTROL NUMBER | |
| System control number | (Sirsi) u127458 |
| 245 ## - TITLE STATEMENT | |
| Title | Britain's biggest house builders |
| 260 ## - PUBLICATION, DISTRIBUTION, ETC. | |
| Date of publication, distribution, etc. | 2004 |
| 490 ## - SERIES STATEMENT | |
| Series statement | House Builder |
| Volume/sequential designation | Supplement September 2004, 1-32(14) |
| 520 ## - SUMMARY, ETC. | |
| Summary, etc. | The second annual edition of this supplement provides a comprehensive overview of house building activities. As well as a table of the top 25 house builders ranked by turnover and rated by six key measures, a list of their contact details and a profile of the house building industry's top 10 players, the supplement contains a range of articles. "Fortunes fluctuate" analyses the results of the "Housing market 04" report. "Innovate to accumulate" gives George Wimpey's boss, Peter Johnson's views on the important issues facing the industry. "Quicker to say no" reveals a growing tendency for local authorities to refuse planning applications in order to achieve speedy decision-making statistics. "See-through service" offers Miller Homes' Tim Hough's advocacy of better and more information from house builders to benefit both customers and the industry. "South bound" focuses on Country and Metropolitan's expansion plans for affordable housing in southern England. |
| 590 ## - LOCAL NOTE (RLIN) | |
| Local note | ABS |
| 650 ## - SUBJECT ADDED ENTRY--TOPICAL TERM | |
| Topical term or geographic name entry element | RANKINGS |
| 650 ## - SUBJECT ADDED ENTRY--TOPICAL TERM | |
| Topical term or geographic name entry element | PLANNING APPLICATIONS |
| 650 ## - SUBJECT ADDED ENTRY--TOPICAL TERM | |
| Topical term or geographic name entry element | CUSTOMER CARE |
| 650 ## - SUBJECT ADDED ENTRY--TOPICAL TERM | |
| Topical term or geographic name entry element | HOUSE BUILDING INDUSTRY |
| 650 ## - SUBJECT ADDED ENTRY--TOPICAL TERM | |
| Topical term or geographic name entry element | HOUSE BUILDERS |
| 690 ## - LOCAL SUBJECT ADDED ENTRY--TOPICAL TERM (OCLC, RLIN) | |
| Topical term or geographic name as entry element | HOUSING-DEVELOPMENT |
| 942 ## - ADDED ENTRY ELEMENTS (KOHA) | |
| Suppress in OPAC | 0 |
| Withdrawn status | Lost status | Source of classification or shelving scheme | Damaged status | Not for loan | Home library | Current library | Shelving location | Date acquired | Total Checkouts | Full call number | Barcode | Date last seen | Copy number | Price effective from | Koha item type |
|---|---|---|---|---|---|---|---|---|---|---|---|---|---|---|---|
| Dewey Decimal Classification | London | London | Journal article | 20/09/2004 | ABS68248 | 127458-1001 | 06/08/2019 | 1 | 06/08/2019 | Journal article |